| 000 | 00654nam a22002177a 4500 | ||
|---|---|---|---|
| 003 | UA-OsUOA | ||
| 001 | 107788 | ||
| 007 | ta | ||
| 008 | 20140912b un ||||| |||| 00| 0 ukr d | ||
| 100 | _aГолуб Н. | ||
| 090 |
_a81 _bГ62 |
||
| 942 | _cSA | ||
| 040 |
_aUA-OsUOA _bukr _cUA-OsUOA _dUA-OsUOA |
||
| 245 | _aСучасний урок української мови в умовах компетентністного навчання | ||
| 300 | _aС.69 | ||
| 955 | _a0 | ||
| 041 | _aukr | ||
| 080 | _a81 | ||
| 773 | 0 | _w107787 | |
| 650 | 7 |
_a8 Мовознавство. Художня література. Літературознавство _2UDC |
|
| 999 |
_c393938 _d393938 |
||